Catálogo da livraria que foi do falecido Dr. João Vieira Pinto e que tem de ser vendida em leilão no dia 1 de Agosto de 1885 e seguintes, ás 5 horas da tarde na Rua de Trás da Sé no 37 Porto. (Record no. 118101)

MARC details
000 -LEADER
campo de control de longitud fija 00533nam a2200145 i 4500
001 - NÚMERO DE CONTROL
campo de control 118101
003 - IDENTIFICADOR DE NÚMERO DE CONTROL
campo de control ES-MaACL
005 - FECHA Y HORA DE LA ÚLTIMA TRANSACCIÓN
campo de control 20230906191029.0
007 - CAMPO FIJO DE DESCRIPCIÓN FÍSICA--INFORMACIÓN GENERAL
campo de control de longitud fija t|
008 - DATOS DE LONGITUD FIJA--INFORMACIÓN GENERAL
campo de control de longitud fija 160301s1885 po r ||||1| por d
245 00 - MENCIÓN DEL TÍTULO
Título Catálogo da livraria que foi do falecido Dr. João Vieira Pinto e que tem de ser vendida em leilão no dia 1 de Agosto de 1885 e seguintes, ás 5 horas da tarde na Rua de Trás da Sé no 37 Porto.
260 ## - PUBLICACIÓN, DISTRIBUCIÓN, ETC.
Lugar de publicación, distribución, etc. Porto :
Nombre del editor, distribuidor, etc. Typographia Occidental,
Fecha de publicación, distribución, etc. 1885.
300 ## - DESCRIPCIÓN FÍSICA
Extensión 363 p. ;
Dimensiones 26 cm.
852 ## - LOCALIZACIÓN
Ubicación ES-MaACL
Número de control de estantería G-8855
Holdings
Estatus retirado Estado de pérdida Estado de daño No para préstamo Colección Biblioteca de origen Biblioteca actual Ubicación en estantería Fecha de adquisición Fuente de adquisición Total de préstamos Signatura topográfica completa Código de barras Visto por última vez Precio de reemplazo Tipo de ítem Koha
        Libros del s. XIX Biblioteca del Ateneo de Madrid Biblioteca del Ateneo de Madrid Sala Pecera Planta 3 01/03/2016     G-8855 1194828 23/02/2023 23/02/2023 Libro impreso antiguo